000 00375nam a22001697a 4500
082 _a821
_bJAI/S
100 _aMILTON,JOHN
100 _aKEATS,JOHN
100 _aSHAKESPEARE,WILLIAM
100 _aTAGORE,RABINDRANATH
100 _aLAWRENE,D.H
245 _aSELECTED POEMS
260 _aDELHI
_bJAINCO PUBLISHERS
300 _a719
650 _aPOEMS
_zDELHI
942 _cBK
999 _c3988
_d3988